Catedral Metropolitana : corrección geométrica, informe técnico /

Informe técnico sobre el proceso de restauración de la Catedral Metropolitana de la ciudad de México, intervenida en 1990. Se presenta el diagnóstico y proyecto geotécnico, los aspectos arquitectónicos y estructurales, el diagnóstico y apuntalamiento estructural, el procedimiento de subexcavación y...

Description complète

Enregistré dans:
Détails bibliographiques
Autres auteurs: Tamez González, Enrique (autor) (autor), Zaldívar Guerra, Sergio (introducción) (introducción), Serna Alvear, Clemente (presentación) (presentación)
Format: Livre
Langue:espagnol
Publié: México : Asociación Amigos de la Catedral Metropolitna de México, 1995, c1995
Sujets:
Tags: Ajouter un tag
Pas de tags, Soyez le premier à ajouter un tag!

MARC

LEADER 00000nam^a2200000^a^4500
001 000186775
005 20250521000000.0
009 20260310102236.939
020 |a 968-6258-49-3 
037 |a Acervo ITESO - Biblioteca 
041 |a ESP 
082 |a 720. 97253203  |b CAT 
245 0 0 |a Catedral Metropolitana :  |b corrección geométrica, informe técnico /  |c E. Tamez González... [et al.] ; presen. de C. Serna Alvear ; introd. de S. Zaldívar Guerra. 
264 4 |a México :  |b Asociación Amigos de la Catedral Metropolitna de México,  |c 1995, c1995 
300 |a 383 p. 
336 |a texto  |b txt  |2 rdacontenido 
337 |a sin mediación  |b n  |2 rdamedio 
338 |a volumen  |b nc  |2 rdasoporte 
520 |a Informe técnico sobre el proceso de restauración de la Catedral Metropolitana de la ciudad de México, intervenida en 1990. Se presenta el diagnóstico y proyecto geotécnico, los aspectos arquitectónicos y estructurales, el diagnóstico y apuntalamiento estructural, el procedimiento de subexcavación y la respuesta estructural a la misma, el control de movimientos inducidos y la organización y supervisión de la intervención. 
649 |a XX 
650 |a Catedrales -  |z México (Ciudad) -  |x Tema Principal 
650 |a Catedrales -  |z México 
650 |a Templos Cristianos -  |z México (Ciudad) 
650 |a Templos Cristianos -  |z México 
650 |a Restauración y Conservación Arquitectónica -  |z México (Ciudad) -  |x Tema Principal 
650 |a Restauración y Conservación Arquitectónica -  |z México 
650 |a Restauración y Conservación de Arte -  |z México (Ciudad) 
650 |a Restauración y Conservación de Arte -  |z México 
650 |a Arquitectura Virreinal -  |x Historia y Crítica 
650 |a Arquitectura Mexicana -  |x Historia y Crítica 
650 |a Arte Virreinal -  |x Historia y Crítica 
650 |a Arte Mexicano -  |x Historia y Crítica 
650 |a Cimentación 
650 |a Cálculo Estructural 
650 |a Geotecnia 
650 |a Ingeniería Civil 
700 |a Tamez González, Enrique  |e (autor) 
700 |a Zaldívar Guerra, Sergio  |e (introducción) 
700 |a Serna Alvear, Clemente  |e (presentación) 
910 |a Fondo Julio de la Peña Lomelín 
920 |a Impresos - Libros 
930 |a Arquitectos Jaliscienses 
905 |a 115 
901 |a 0500128514  |b IT1  |c JAL  |u 20250521 
902 |a https://opac.biblio.iteso.mx/vufind/Record/000186775